• 首页
  • 本馆介绍
  • 公告通知
  • 最新文献
  • 馆藏检索
  • 电子资源
  • 读者导购
  • 参考咨询
  • 我的图书馆
  • 登录
  • 详细信息显示
  • 放入我的书架
  • 预约/预借图书
  • 作者相关作品
  • 分类相关作品
  • 丛书相关作品
  • 出版社相关作品

书目信息

  • 表格格式
  • 工作单格式
  • 卡片格式
题名:
文物学概论
    
 
作者: 吴诗池 编著
分册:  
出版信息: 上海   上海文艺出版社  2002
页数: 662页
开本: 21cm
丛书名:
单 册:
中图分类: K85
科图分类:
主题词: 文物--研究--中国 , CT--S078600--文物 , 文物--考古
电子资源:
ISBN: 7-5321-2344-8
000 00892nam0 2200265 45
001 012002056200
005 20031219104108.9
010    @a7-5321-2344-8@dCNY42.00
100    @a20020709d2002 em y0chiy0110 ea
101 0  @achi
102    @aCN@b310000
105    @aa z 000yy
106    @ar
200 1  @a文物学概论@9wen wu xue gai lun@f吴诗池编著
210    @a上海@c上海文艺出版社@d2002
215    @a662页@c照片@d21cm
314    @a吴诗池,厦门大学人文学院历史系教授,考古学、艺术学硕士导师。编著《文物学概论》。
330    @a本书包括:文物学的性质、文物学的研究理论与方法、文物学的发展简史、文物的性质、文物的价值、文物管理与保护、文物保护与文物教育趋向国际化等内容。
606 0  @a文物@x研究@y中国
606 0  @2CT@3S078600@a文物
606 0  @a文物@x考古
690    @aK85@v4
701  0 @a吴诗池@9wu shi chi@4编著
801    @aCN@bTSTC@c20030409
905    @b322427-429@dK85@e16@f3
    
    文物学概论/吴诗池编著.-上海:上海文艺出版社,2002
    662页:照片;21cm
    
    
    ISBN 7-5321-2344-8:CNY42.00
    本书包括:文物学的性质、文物学的研究理论与方法、文物学的发展简史、文物的性质、文物的价值、文物管理与保护、文物保护与文物教育趋向国际化等内容。
●
相关链接 在E读中查询图书 在五车中查询图书 在当当中查询图书 在豆瓣中查询图书


正题名:文物学概论     索取号:K85/16         预约/预借

序号 登录号 条形码 馆藏地/架位号 状态 备注
1 0322427   203224279   第二借阅区/ [索取号:K85/16] 在馆    
2 0322428   203224288   第二借阅区/ [索取号:K85/16] 在馆    
3 0322429   203224297   第二样本阅览室/ [索取号:K85/16] 在馆    
唐山师范学院图书馆 欢迎您!
大连网信软件有限公司© 版权所有